000 00274nam a2200121Ia 4500
008 190216s9999||||xx |||||||||||||| ||und||
100 _aShukla M.C
245 0 _aManual Of Mercantile Law
260 _bS Chand & Co
_c1978
300 _a772p
650 _aCommerce
942 _cBK
999 _c5076
_d5076